00397cam a22001337a 4500008004000000082001700040100002100057245008400078260003000162300001000192650001900202650002200221700002000243180718b1982 xxu||||| |||| 00| 0 eng d aB141x54 P884 aRao, V.V.Prakasa aMarriage: the family and women in Indiacby V.V. Prakasa Rao and V. Nandini Rao aNew DelhibHeritagec1982 a244p. aWomen - India. aMarriages - India aRao, V. Nandini